Best Rated ski resort in each U.S. State - Statistics

General Stats
  • This quiz has been taken 32 times
  • The average score is 15 of 19
Answer Stats
Hint Answer % Correct
Arapahoe Basin Colorado
93%
Killington Resort Vermont
93%
Mammoth Mountain Ski Area California
90%
Sugarloaf Mountain Maine
90%
Showdown Montana Montana
90%
Brighton Resort Utah
90%
Jackson Hole Mountain Resort Wyoming
90%
Bretton Woods New Hampshire
87%
Ski Santa Fe New Mexico
83%
Willard Mountain New York
80%
Bogus Basin Idaho
77%
Hurricane Ridge Ski & Snowboard Area Washington
77%
Arctic Valley Ski Area Alaska
73%
Hoodoo Ski Area Oregon
73%
Nubs Nob Ski Resort Michigan
67%
Bear Creek Mountain Resort Pennsylvania
67%
Giants Ridge Recreation Area Minnesota
63%
Trollhaugen Ski Area Wisconsin
63%
Mt Lemmon Ski Valley Arizona
57%
No matching quizzes found
Score Distribution
Percent of People with Each Score
Percentile by Number Answered
Your Score History
You have not taken this quiz